Face two face

Na minha lista:
Detalhes bibliográficos
Formato: Livro
Tags: Adicionar Tag
Sem tags, seja o primeiro a adicionar uma tag!
Thư viện lưu trữ: Mạng thư viện Đại học Đà Nẵng
LEADER 00400nam a22001691a 4500
001 000038305
003 14600
005 20160412021254.0
008 160412s0 000
082 |a 4A(07)2090 
245 |a Face two face  |c Rachel Clark 
OWN |a LNN 
999 |a From the UDN01 
TYP |a Monograph 
980 |a Mạng thư viện Đại học Đà Nẵng